Detalles MARC
| 000 -LIDER |
| fixed length control field |
01364cam a2200373 i 4500 |
| 001 - NÚMERO DE CONTROL |
| Identificador de número de control |
0000544 |
| 003 - IDENTIFICACDOR DE NÚMERO DE CONTROL |
| control field |
DO-SdBPM |
| 005 - DATE AND TIME OF LATEST TRANSACTION |
| control field |
20250603071653.0 |
| 007 - CAMPOS FIJOS DE DESCRIPCIÓN FÍSICA |
| fixed length control field |
0000544 |
| 008 - ELEMENTOS DE LONGITUD FIJA |
| fixed length control field |
100514s1997 sp a |||| 000 f spa |
| 015 ## - NÚMERO DENTRO DE LA BIBLIOGRAFÍA NACIONAL |
| National bibliography number |
|
| 017 ## - NÚMERO DE REGISTRO DE DERECHOS DE AUTOR |
| Copyright or legal deposit number |
|
| Assigning agency |
|
| 020 ## - ISBN |
| International Standard Book Number |
8489384134 |
| 035 ## - NÚMERO LOCAL |
| System control number |
|
| 040 ## - FUENTE DE CATALOGACIÓN |
| Agencia que crea de manera original el registro |
DO-SdBPM |
| Idioma de catalogación |
spa |
| Agencia que realiza la transcripción |
BPMSU |
| Convenciones de la despripción |
|
| 080 ## - NÚMERO DE CLASIFICACIÓN DECIMAL UNIVERSAL |
| Universal Decimal Classification number |
|
| 082 #4 - NÚMERO DE CLASIFICACIÓN DECIMAL DE DEWEY |
| Classification number |
155.4 |
| Item number |
T667c 1997 |
| Edition number |
22 |
| 100 1# - ASIENTO PRINCIPAL -- NOMBRE PERSONAL |
| Nombre personal |
Tonucci, Francesco |
| 240 13 - TITULO UNIFORME |
| Título uniforme |
La cittá dei bambini |
| Idioma de una obra |
ita. |
| 245 13 - MENCIÓN DE TITULO |
| Título |
La ciudad de los niños : |
| Subtítulo |
un modo nuevo de pensar la ciudad / |
| Mención de responsabilidad |
Francesco Tonucci ; traducción Mario Merlino . |
| Medio (Designación general de material) |
|
| 260 ## - PUBLICACIÓN, DISTRIBUCIÓN, ETC. (PIE DE IMPRENTA) |
| Lugar de publicación, distribución, etc |
Madrid : |
| Nombre del editor, distribuidor, etc. |
Fundación Germán Sánchez Ruipérez, |
| Fecha de publicación, distribución, etc |
1997. |
| 300 ## - DESCRIPCIÓN FÍSICA |
| Extensión |
220 p. : |
| Otros detalles físicos |
il. ; |
| Dimensiones |
23 cm. |
| 490 0# - MENCIÓN DE SERIES |
| Mención de serie |
El árbol de la memoria |
| 504 ## - NOTA DE BIBLIOGRAFÍA, ETC. |
| Bibliography, etc |
Biografía p: 211-220 |
| 505 0# - NOTA DE CONTENIDO |
| Texto normalizado de contenido |
Análisis de un malestar -- Entonces ¿qué hacer? -- ¿Por qué justamente el niño? -- Un laboratorio: "la ciudad de los niños" --Que lo niños puedan salir solos de casa -- Una ciudad adecuada a los niños -- Repensar la ciudad -- Las fichas. |
| 586 ## - AWARDS NOTE |
| Awards note |
Premio Doncel de biografía 1962 |
| 590 ## - NOTA LOCAL |
| Texto de la nota local |
Inventariado, 2025/VM |
| 650 #4 - ENCABEZAMIENTO DE MATERIA--TEMÁTICO |
| Término temático o nombre geográfico como elemento de entrada |
Psicología infantil |
| 650 #4 - ENCABEZAMIENTO DE MATERIA--TEMÁTICO |
| Término temático o nombre geográfico como elemento de entrada |
Seguridad infantil (Psicología) |
| 650 #4 - ENCABEZAMIENTO DE MATERIA--TEMÁTICO |
| Término temático o nombre geográfico como elemento de entrada |
Sociología urbana |
| 700 1# - ASIENTO SECUNDARIO -- NOMBRE PERSONAL |
| Nombre personal |
Merlino, Mario |
| Mención de responsabilidad |
traductor |
| 910 ## - VALIDACIÓN |
| Validación |
VMateo V. Control de calidad. BPMSU |
| 942 ## - ADDED ENTRY ELEMENTS (KOHA) |
| Source of classification or shelving scheme |
Dewey Decimal Classification |
| Koha item type |
Libros |